Educació, competitivitat i ocupació a Europa : el procés de Bolonya, clau de l'Europa del coneixement el procés de Bolonya, clau de l'Europa del coneixement
Publicado:
Barcelona :
Generalitat de Catalunya. Departament d'Universitats, Recerca i Societat de la Informació. Consell Interuniversitari de Catalunya ,
2005
Descripción Física:
15 p. ; 21 cm
MARC
| LEADER | 00000nam a2200000Ia 4500 | ||
|---|---|---|---|
| 001 | 17396 | ||
| 008 | 160829s2005 xx 000 0 cat d | ||
| 080 | |a FU-47-43 | ||
| 245 | |a Educació, competitivitat i ocupació a Europa : |b el procés de Bolonya, clau de l'Europa del coneixement | ||
| 260 | |a Barcelona : |b Generalitat de Catalunya. Departament d'Universitats, Recerca i Societat de la Informació. Consell Interuniversitari de Catalunya, |c 2005 | ||
| 300 | |a 15 p. ; |c 21 cm | ||
| 590 | |a A la coberta: Espai Europeu del Coneixement | ||
| 650 | |a Ensenyament universitari |x Investigació |x Unió Europea, Països de la |9 39344 | ||
| 650 | 0 | |a Política educativa |9 39345 | |
| 650 | |a Unió Europea, Països de la |9 37649 | ||
| 901 | |a Arxiu | ||
| 942 | |n 1 | ||
| 952 | |0 0 |1 0 |4 0 |6 FU4743 |7 1 |9 48963 |a Arxiu |b Arxiu |d 2016-12-01 |l 0 |o FU-47-43 |p 17396 |r 2016-12-01 00:00:00 |w 2016-12-01 |y ARXIU | ||
| 999 | |c 52798 |d 52798 | ||